000 00257nam a2200109Ia 4500
008 190914s9999||||xx |||||||||||||| ||und||
100 _aHakeem,Hamid A.
245 0 _aBusiness Mathematics
260 _aNew York
_bAddision
_c2002
300 _a544
942 _cBK
999 _c8646
_d8646